Movies Quiz

Random Movies or Decade Quiz
Score 0/26 Timer 06:00
10 Plays Today
% Correct
Kung Fu Panda
96.4%
Borat: Cultural Learnings of America for Make Benefit Glorious Nation of Kazakhstan
93.1%
Catch Me If You Can
85.3%
Wall-E
84%
The Ring
83.2%
Inglourious Basterds
80.3%
Donnie Darko
80.2%
Superbad
79.6%
Hitch
79.5%
Tropic Thunder
78.2%
Meet the Parents
75.8%
Enchanted
75.5%
Little Miss Sunshine
73.2%
% Correct
The Notebook
72%
Forgetting Sarah Marshall
69%
Gran Torino
59.3%
Almost Famous
59.2%
Underworld
56.1%
xXx: State of the Union
51.4%
Jennifer’s Body
49.7%
Valkyrie
49.5%
Year One
47.3%
One Hour Photo
46.9%
Punch-Drunk Love
31.6%
Zathura: A Space Adventure
25.1%
Quid Pro Quo
2.1%

You're not logged in!

Compare scores with friends on all Sporcle quizzes.
OR
Log In

Sporcle TV

Today on Sporcle TV


Watch our educational content, quiz creation guides, and fun videos on Sporcle TV.

Show Comments

Extras

Top Quizzes Today


Score Distribution

Paid Content

Your Account Isn't Verified!

In order to create a playlist on Sporcle, you need to verify the email address you used during registration. Go to your Sporcle Settings to finish the process.

Report this User

Report this user for behavior that violates our Community Guidelines.

Details: